[Event "Liberec Open 2023 - A FIDE Open"]
[Site "Clarion Grandhotel Zlaty Lev, Liberec"]
[Date "2023.02.24"]
[Round "1"]
[Board "1"]
[White "Lajbl, Jan"]
[Black "Peglau, Paul David"]
[Result "1-0"]
[WhiteElo "2255"]
[BlackElo "1649"]
[PlyCount "77"]
[EventDate "2023.02.24"]
[EventRounds "9"]
[EventCountry "CZE"]

1. e4 e6 2. d4 d5 3. Nd2 dxe4 4. Nxe4 Bd7 5. Nf3 Bc6 6. Ng3 Nd7 7. Be2 Ngf6 8. O-O
Be7 9. c4 O-O 10. a3 b6 11. b4 Ne4 12. Nxe4 Bxe4 13. Bd3 Bxd3 14. Qxd3 Bf6 15. Bf4
Re8 16. Rad1 Qe7 17. Rfe1 Rad8 18. Qe4 Nf8 19. Be5 Ng6 20. Bxf6 Qxf6 21. h4 Qf4 22.
Qxf4 Nxf4 23. g3 Ng6 24. h5 Nf8 25. a4 Nd7 26. g4 c5 27. dxc5 bxc5 28. b5 Nb6 29.
Ne5 Nxa4 30. Ra1 Nb6 31. Rxa7 Ra8 32. Rea1 f6 33. Nd7 Rxa7 34. Rxa7 Nxd7 35. Rxd7
Rc8 36. b6 g6 37. h6 Kf8 38. b7 Rb8 39. Rc7  1-0

[Event "Liberec Open 2023 - A FIDE Open"]
[Site "Clarion Grandhotel Zlaty Lev, Liberec"]
[Date "2023.02.24"]
[Round "1"]
[Board "2"]
[White "Kawulski-Chodkiewicz, Alexander"]
[Black "Ochedzan, Tymon"]
[Result "0-1"]
[WhiteElo "1648"]
[BlackElo "2240"]
[PlyCount "86"]
[EventDate "2023.02.24"]
[EventRounds "9"]
[EventCountry "CZE"]

1. e4 c5 2. Nf3 d6 3. d4 cxd4 4. Nxd4 Nf6 5. Nc3 a6 6. Bg5 e6 7. f4 h6 8. Bh4 Qb6
9. Qd2 Qxb2 10. Rb1 Qa3 11. Bxf6 gxf6 12. Be2 Qa5 13. O-O Nd7 14. Kh1 h5 15. f5 Bh6
16. Qe1 Qe5 17. Nf3 Qc5 18. Bd3 b5 19. Ne2 e5 20. Qh4 Bb7 21. Qxh5 Ke7 22. Qh4 d5
23. exd5 Bxd5 24. Qe1 Rac8 25. Ng3 Qc6 26. Be4 Bxe4 27. Nxe4 Nc5 28. Nxc5 Qxc5 29.
Qa5 Rc6 30. a4 Rb8 31. axb5 Rxb5 32. Rxb5 Qxb5 33. Qa3+ Qc5 34. Qb3 Qxc2 35. Qb8
Qd3 36. Re1 Qd6 37. Qh8 Bd2 38. Rf1 Rc1 39. Rxc1 Bxc1 40. Qc8 Qd1+ 41. Ng1 Be3 42.
Qb7+ Kf8 43. Qb4+ Kg7  0-1

[Event "Liberec Open 2023 - A FIDE Open"]
[Site "Clarion Grandhotel Zlaty Lev, Liberec"]
[Date "2023.02.24"]
[Round "1"]
[Board "3"]
[White "Dambrauskas, Virginijus"]
[Black "Svoboda, Frantisek"]
[Result "1-0"]
[WhiteElo "2220"]
[BlackElo "1646"]
[PlyCount "33"]
[EventDate "2023.02.24"]
[EventRounds "9"]
[EventCountry "CZE"]

1. d4 d6 2. e4 Nf6 3. Nc3 Nbd7 4. f4 e5 5. Nf3 exd4 6. Nxd4 Nc5 7. Qf3 Be7 8. h3
c6 9. Be3 Qc7 10. O-O-O Bd7 11. g4 O-O-O 12. g5 Ne8 13. f5 h6 14. gxh6 gxh6 15. b4
Na6 16. Ndb5 Qb8 17. Bxa7  1-0

[Event "Liberec Open 2023 - A FIDE Open"]
[Site "Clarion Grandhotel Zlaty Lev, Liberec"]
[Date "2023.02.24"]
[Round "1"]
[Board "4"]
[White "Zitek, Jiri"]
[Black "Belaska, Premysl"]
[Result "0-1"]
[WhiteElo "1641"]
[BlackElo "2196"]
[PlyCount "50"]
[EventDate "2023.02.24"]
[EventRounds "9"]
[EventCountry "CZE"]

1. e4 c5 2. Nf3 d6 3. d4 cxd4 4. Nxd4 Nf6 5. Nc3 a6 6. Be3 e6 7. a4 b6 8. g3 Bb7
9. Bg2 Qc7 10. h3 Nbd7 11. O-O Be7 12. g4 h6 13. Re1 g5 14. Nde2 O-O-O 15. a5 bxa5
16. Qd4 Nc5 17. Ra3 Nfd7 18. Rd1 Ne5 19. Na4 Bf6 20. Qd2 Nc4 21. Qe1 Nxa3 22. Nxc5
Nxc2 23. Qd2 Nxe3 24. Qxe3 dxc5 25. Rc1 Be7  0-1

[Event "Liberec Open 2023 - A FIDE Open"]
[Site "Clarion Grandhotel Zlaty Lev, Liberec"]
[Date "2023.02.24"]
[Round "1"]
[Board "5"]
[White "Zysko, Jan"]
[Black "Zuzanek, Vitezslav"]
[Result "1-0"]
[WhiteElo "2135"]
[BlackElo "1634"]
[PlyCount "59"]
[EventDate "2023.02.24"]
[EventRounds "9"]
[EventCountry "CZE"]

1. e4 c5 2. Nf3 Nc6 3. d4 cxd4 4. Nxd4 d6 5. Nc3 Nf6 6. Bg5 e6 7. Qd2 Be7 8. O-O-O
a6 9. f4 Qc7 10. Be2 O-O 11. f5 Ne5 12. g4 b5 13. a3 Bd7 14. Rhg1 Rac8 15. Bxf6 gxf6
16. Qh6 Kh8 17. g5 Rg8 18. gxf6 Bf8 19. Rxg8+ Kxg8 20. Qg5+ Kh8 21. Rg1 Ng6 22. fxg6
fxg6 23. Rg3 Qb6 24. Nb3 Qf2 25. Kb1 d5 26. exd5 b4 27. axb4 Bxb4 28. Qe5 Qf5 29.
Qd4 Bxc3 30. Rxc3  1-0

[Event "Liberec Open 2023 - A FIDE Open"]
[Site "Clarion Grandhotel Zlaty Lev, Liberec"]
[Date "2023.02.24"]
[Round "1"]
[Board "8"]
[White "Mydlar, Matej"]
[Black "Haubt, Georg"]
[Result "1-0"]
[WhiteElo "1586"]
[BlackElo "2111"]
[PlyCount "113"]
[EventDate "2023.02.24"]
[EventRounds "9"]
[EventCountry "CZE"]

1. e4 d5 2. exd5 Qxd5 3. Nc3 Qd6 4. d4 Nf6 5. Bd3 Bg4 6. f3 Bd7 7. Nge2 e6 8. Bf4
Qb6 9. O-O c5 10. dxc5 Bxc5+ 11. Kh1 O-O 12. Qe1 Bc6 13. Ne4 Be7 14. Qg3 Nh5 15.
Qh3 g6 16. Be5 Nd7 17. Bd4 Qc7 18. f4 f5 19. N4c3 Bf6 20. Bxf6 Nhxf6 21. Nd4 Rfe8
22. Nxc6 Qxc6 23. Rad1 Qb6 24. Bb5 Re7 25. Qh4 Rae8 26. Rfe1 Kg7 27. Bxd7 Rxd7 28.
Rxd7+ Nxd7 29. Nd5 Qc5 30. Nc3 Nf6 31. h3 b5 32. Re5 Qc6 33. Rxb5 Ne4 34. Rb3 Nd2
35. Ra3 Qb6 36. Na4 Qb4 37. Rd3 Qxa4 38. Rxd2 e5 39. b3 Qc6 40. fxe5 Rxe5 41. Qd4
Qc5 42. Qxc5 Rxc5 43. Rd7+ Kh6 44. c4 Ra5 45. a4 a6 46. Rd6 Kg5 47. Kh2 Kf4 48. Re6
g5 49. Rf6 h5 50. Rh6 h4 51. Rf6 Ke4 52. Rc6 f4 53. Rc8 Kd4 54. Rd8+ Kc3 55. Rd5
Kb4 56. Rxa5 Kxa5 57. Kg1  1-0

[Event "Liberec Open 2023 - A FIDE Open"]
[Site "Clarion Grandhotel Zlaty Lev, Liberec"]
[Date "2023.02.24"]
[Round "1"]
[Board "11"]
[White "Bindrich, Oswald"]
[Black "Fousek, Petr"]
[Result "1-0"]
[WhiteElo "2105"]
[BlackElo "1567"]
[PlyCount "39"]
[EventDate "2023.02.24"]
[EventRounds "9"]
[EventCountry "CZE"]

1. e4 c5 2. Nf3 d6 3. d4 cxd4 4. Nxd4 g6 5. Nc3 Bg7 6. Be3 Nf6 7. f3 O-O 8. Qd2 Nc6
9. Bc4 Bd7 10. O-O-O a6 11. h4 h5 12. g4 hxg4 13. h5 gxh5 14. Bh6 Bxh6 15. Qxh6 Nxd4
16. Qg5+ Kh8 17. Rxh5+ Nxh5 18. Qxh5+ Kg8 19. Qg5+ Kh8 20. Rh1#  1-0

[Event "Liberec Open 2023 - A FIDE Open"]
[Site "Clarion Grandhotel Zlaty Lev, Liberec"]
[Date "2023.02.24"]
[Round "1"]
[Board "13"]
[White "Kettenburg, Stefan, Dr."]
[Black "Jendrowiak, Maciej"]
[Result "1-0"]
[WhiteElo "2046"]
[BlackElo "1564"]
[PlyCount "59"]
[EventDate "2023.02.24"]
[EventRounds "9"]
[EventCountry "CZE"]

1. d4 d5 2. Nf3 Nf6 3. c4 e6 4. cxd5 exd5 5. Nc3 c5 6. e3 Nc6 7. Be2 a6 8. O-O Be6
9. b3 Rc8 10. Bb2 cxd4 11. exd4 Bd6 12. Bd3 O-O 13. Ne2 Qc7 14. Rc1 Qa5 15. a3 b5
16. Ne5 Bxe5 17. dxe5 Ng4 18. Rxc6 Rxc6 19. Nd4 Rcc8 20. Nxe6 Nxf2 21. Bxh7+ Kh8
22. Qh5 Ng4 23. Bf5+ Nh6 24. Nxf8 Rxf8 25. e6 Qd2 26. Bc1 Qd4+ 27. Kh1 fxe6 28. Bxh6
Rxf5 29. Rxf5 Qa1+ 30. Bc1+  1-0

[Event "Liberec Open 2023 - A FIDE Open"]
[Site "Clarion Grandhotel Zlaty Lev, Liberec"]
[Date "2023.02.24"]
[Round "1"]
[Board "17"]
[White "Porschberg, Thomas"]
[Black "Cizek, Jan"]
[Result "1-0"]
[WhiteElo "2004"]
[BlackElo "1533"]
[PlyCount "47"]
[EventDate "2023.02.24"]
[EventRounds "9"]
[EventCountry "CZE"]

1. e4 c5 2. Nc3 d6 3. f4 g6 4. Nf3 Bg7 5. Bb5+ Bd7 6. Bc4 e6 7. d4 cxd4 8. Nxd4 a6
9. Be3 b5 10. Bb3 Nc6 11. Qd2 Qc7 12. O-O-O Rd8 13. Ndxb5 axb5 14. Nxb5 Qb8 15. Nxd6+
Kf8 16. Bc5 Nge7 17. f5 Kg8 18. f6 Bxf6 19. Qf4 Kg7 20. Rhf1 Ng8 21. g4 Rf8 22. g5
Be5 23. Qxf7+ Rxf7 24. Rxf7#  1-0

[Event "Liberec Open 2023 - A FIDE Open"]
[Site "Clarion Grandhotel Zlaty Lev, Liberec"]
[Date "2023.02.24"]
[Round "1"]
[Board "26"]
[White "Nussbauer, Ladislav"]
[Black "Blazek, Matej"]
[Result "1/2-1/2"]
[WhiteElo "1473"]
[BlackElo "1925"]
[PlyCount "145"]
[EventDate "2023.02.24"]
[EventRounds "9"]
[EventCountry "CZE"]

1. d4 Nf6 2. c4 e6 3. Nc3 d5 4. Bg5 Be7 5. e3 O-O 6. Bd3 Nbd7 7. Qc2 a6 8. Nf3 dxc4
9. Bxc4 b5 10. Bd3 Bb7 11. O-O-O c5 12. dxc5 h6 13. Bxf6 Bxf6 14. Ne4 Qa5 15. Kb1
Rac8 16. Nd4 Bxe4 17. Bxe4 Rxc5 18. Qd2 Qb6 19. Nb3 Rc7 20. Qd6 Qa7 21. Rc1 Rc4 22.
Rxc4 bxc4 23. Nd4 Be5 24. Nc6 Bxd6 25. Nxa7 f5 26. Bc2 Ne5 27. Ba4 Ng4 28. Rc1 Nxf2
29. Rxc4 Ne4 30. Rc6 Bc5 31. Rxa6 Ra8 32. Rxe6 Rxa7 33. Bb3 Nd2+ 34. Kc2 Nxb3 35.
Kxb3 Rc7 36. h3 Kf7 37. Re5 Kf6 38. Re8 g5 39. a4 Rb7+ 40. Kc4 Be7 41. b3 h5 42.
a5 Rb4+ 43. Kc3 Rb5 44. a6 Rc5+ 45. Kd4 Ra5 46. Ra8 Ke6 47. Kc4 Rc5+ 48. Kd4 Ra5
49. Kc4 Re5 50. a7 Rc5+ 51. Kd3 Rc7 52. b4 Rd7+ 53. Kc4 Kd6 54. b5 Bd8 55. Rc8 Rxa7
56. Rxd8+ Kc7 57. Rf8 Ra2 58. Rxf5 Rxg2 59. Rf7+ Kb6 60. Rf6+ Kb7 61. b6 Rh2 62.
Kc5 Rc2+ 63. Kd5 Rh2 64. Rg6 Rxh3 65. Rxg5 Kxb6 66. Rg6+ Kc7 67. Rh6 Kd7 68. Ke4
Ke7 69. Kf4 Rh1 70. Kf5 h4 71. Rh7+ Kd6 72. Kg4 Ke5 73. Rxh4  1/2-1/2

[Event "Liberec Open 2023 - A FIDE Open"]
[Site "Clarion Grandhotel Zlaty Lev, Liberec"]
[Date "2023.02.25"]
[Round "2"]
[Board "1"]
[White "Steinbach, Wolfgang"]
[Black "Lajbl, Jan"]
[Result "0-1"]
[WhiteElo "1886"]
[BlackElo "2255"]
[PlyCount "76"]
[EventDate "2023.02.24"]
[EventRounds "9"]
[EventCountry "CZE"]

1. Nf3 d5 2. d4 c5 3. dxc5 e6 4. c4 Bxc5 5. cxd5 exd5 6. Qc2 Bb6 7. Bg5 f6 8. Bf4
Ne7 9. e3 Nbc6 10. a3 Bf5 11. Bd3 Qd7 12. O-O O-O 13. Nc3 Rfd8 14. Rad1 Bg6 15. Bxg6
hxg6 16. Ne2 Rac8 17. Qb1 g5 18. Bg3 Qf5 19. Qa2 Kh7 20. Nc3 g4 21. Nd2 d4 22. e4
Qd7 23. Na4 Ne5 24. Nxb6 axb6 25. Bxe5 fxe5 26. Nc4 Qe6 27. b3 b5 28. Nd2 Ng6 29.
Qb2 Nf4 30. Qb1 Ne2+ 31. Kh1 Nc3 32. Qd3 Nxd1 33. Rxd1 Qd7 34. Qg3 Re8 35. f4 exf4
36. Qxf4 Rf8 37. Qe5 Rc2 38. Qg3 Rxd2  0-1

[Event "Liberec Open 2023 - A FIDE Open"]
[Site "Clarion Grandhotel Zlaty Lev, Liberec"]
[Date "2023.02.25"]
[Round "2"]
[Board "2"]
[White "Ochedzan, Tymon"]
[Black "Peglau, Charis"]
[Result "1-0"]
[WhiteElo "2240"]
[BlackElo "1870"]
[PlyCount "73"]
[EventDate "2023.02.24"]
[EventRounds "9"]
[EventCountry "CZE"]

1. e4 c6 2. d4 d5 3. Nc3 dxe4 4. Nxe4 Nd7 5. Ng5 Ngf6 6. Bd3 e6 7. Qe2 Nb6 8. N1f3
Bd6 9. O-O h6 10. Ne4 Nxe4 11. Qxe4 f5 12. Qe2 O-O 13. c4 c5 14. dxc5 Bxc5 15. Bf4
Bd6 16. Bxd6 Qxd6 17. Rad1 Qe7 18. Ne5 Rf6 19. Bc2 Nd7 20. Rd4 Nxe5 21. Qxe5 Rf8
22. Rfd1 b6 23. Rd6 Qg5 24. f4 Qg6 25. R1d2 Qf6 26. b4 Qxe5 27. fxe5 Kf7 28. Ba4
g5 29. Kf2 Rb8 30. Bc6 Kg6 31. Ke3 g4 32. Kf4 h5 33. R2d3 h4 34. b5 Bb7 35. Rxe6+
Kf7 36. Rf6+ Kg7 37. Rd7+  1-0

[Event "Liberec Open 2023 - A FIDE Open"]
[Site "Clarion Grandhotel Zlaty Lev, Liberec"]
[Date "2023.02.25"]
[Round "2"]
[Board "3"]
[White "Bruna, Matous"]
[Black "Dambrauskas, Virginijus"]
[Result "0-1"]
[WhiteElo "1867"]
[BlackElo "2220"]
[PlyCount "108"]
[EventDate "2023.02.24"]
[EventRounds "9"]
[EventCountry "CZE"]

1. e4 c5 2. Nc3 Nc6 3. g3 g6 4. Bg2 Bg7 5. d3 e6 6. Be3 d6 7. Qd2 a6 8. Nge2 Rb8
9. O-O b5 10. Nd1 Nd4 11. c3 Nxe2+ 12. Qxe2 Nf6 13. h3 Bb7 14. f4 O-O 15. g4 Nd7
16. f5 d5 17. Bf4 e5 18. Bg3 d4 19. cxd4 cxd4 20. Nf2 g5 21. h4 gxh4 22. Bh2 Bh6
23. Nh3 Be3+ 24. Kh1 f6 25. Bg1 Bg5 26. Bf2 Rc8 27. Nxg5 fxg5 28. Qd2 Qf6 29. Bf3
Kg7 30. Rac1 h6 31. Rxc8 Rxc8 32. Rc1 Rxc1+ 33. Qxc1 Qc6 34. Qd2 Kf7 35. Be1 Qc5
36. Bd1 Ke8 37. Kh2 Kd8 38. Kh3 Qc6 39. Bf3 Kc8 40. Kg2 Kb8 41. Kh2 Nf6 42. Qd1 Bc8
43. Bd2 Nd7 44. Bb4 Qf6 45. Qb3 Qc6 46. Qd1 Qc7 47. Qd2 Nf6 48. Bf8 Nh7 49. Bxh6
Qe7 50. Qa5 Qf6 51. Bg7 Qxg7 52. Qb6+ Bb7 53. Qd6+ Ka8 54. Qd8+ Ka7  0-1

[Event "Liberec Open 2023 - A FIDE Open"]
[Site "Clarion Grandhotel Zlaty Lev, Liberec"]
[Date "2023.02.25"]
[Round "2"]
[Board "4"]
[White "Belaska, Premysl"]
[Black "Hemmerling, Jaroslaw"]
[Result "1-0"]
[WhiteElo "2196"]
[BlackElo "1864"]
[PlyCount "57"]
[EventDate "2023.02.24"]
[EventRounds "9"]
[EventCountry "CZE"]

1. Nf3 Nf6 2. c4 e6 3. b3 d5 4. Bb2 Be7 5. e3 O-O 6. Be2 c5 7. O-O Nc6 8. d4 b6 9.
Nc3 dxc4 10. bxc4 cxd4 11. exd4 Bb7 12. Qd2 Rc8 13. Rfd1 Na5 14. d5 exd5 15. cxd5
Bb4 16. Qd4 Bxc3 17. Bxc3 Rc5 18. Bxa5 Rxa5 19. d6 Re8 20. Bc4 Bd5 21. Bxd5 Rxd5
22. Qxd5 Nxd5 23. Rxd5 Qa8 24. d7 Rd8 25. Rd6 Qb7 26. Rad1 f6 27. R1d5 Qc7 28. g3
Kf7 29. Nd4  1-0

[Event "Liberec Open 2023 - A FIDE Open"]
[Site "Clarion Grandhotel Zlaty Lev, Liberec"]
[Date "2023.02.25"]
[Round "2"]
[Board "5"]
[White "Peglau, Dora"]
[Black "Zysko, Jan"]
[Result "0-1"]
[WhiteElo "1859"]
[BlackElo "2135"]
[PlyCount "106"]
[EventDate "2023.02.24"]
[EventRounds "9"]
[EventCountry "CZE"]

1. d4 Nf6 2. Nf3 g6 3. Nbd2 d5 4. b4 a5 5. b5 Bg7 6. e3 c5 7. bxc6 Nxc6 8. Bb2 O-O
9. c4 a4 10. a3 Qa5 11. Rc1 Rd8 12. Bd3 Bf5 13. Bxf5 gxf5 14. O-O e6 15. cxd5 Nxd5
16. Nc4 Qa6 17. Nce5 Nxe5 18. Nxe5 Bxe5 19. dxe5 Nf4 20. exf4 Rxd1 21. Rfxd1 Qb6
22. Bc3 Rd8 23. Bb4 Rxd1+ 24. Rxd1 Qc7 25. g3 h6 26. Rd6 Kg7 27. Kg2 b5 28. Rd2 Kg6
29. Rd6 Kh5 30. Rd2 Qc6+ 31. f3 Kg6 32. Rd6 Qc2+ 33. Rd2 Qc7 34. Rd6 h5 35. Rd2 h4
36. gxh4 Kh5 37. Kg3 Qb6 38. Be7 Qg1+ 39. Rg2 Qe1+ 40. Rf2 Qe3 41. Bb4 Kg6 42. Rd2
f6 43. exf6 Kxf6 44. Rc2 Kg6 45. Rg2 Kh5 46. Bd6 e5 47. Bxe5 Qxa3 48. Rc2 Qe7 49.
Rc7 Qxh4+ 50. Kg2 Qd8 51. Rf7 Kg6 52. Rg7+ Kh6 53. Rf7 Qg8+  0-1

[Event "Liberec Open 2023 - A FIDE Open"]
[Site "Clarion Grandhotel Zlaty Lev, Liberec"]
[Date "2023.02.25"]
[Round "2"]
[Board "6"]
[White "Solnicki, Michal"]
[Black "Kocharyan, Vache"]
[Result "0-1"]
[WhiteElo "2120"]
[BlackElo "1835"]
[PlyCount "90"]
[EventDate "2023.02.24"]
[EventRounds "9"]
[EventCountry "CZE"]

1. Nf3 d5 2. c4 Nf6 3. cxd5 Nxd5 4. g3 c5 5. Bg2 Nc6 6. Nc3 Nf6 7. d3 e6 8. O-O Be7
9. Nd2 Bd7 10. Nc4 O-O 11. Bf4 Be8 12. Nb5 e5 13. Bg5 a6 14. Nc3 h6 15. Bxf6 Bxf6
16. Nd5 b5 17. Nce3 Be7 18. Rc1 Rc8 19. Bh3 f5 20. Nxe7+ Nxe7 21. Qb3+ Kh8 22. Qe6
f4 23. Ng2 Qc7 24. b4 c4 25. Qxa6 Rf6 26. Qa3 Rd8 27. dxc4 bxc4 28. Qc3 Nd5 29. Qb2
c3 30. Qb3 Bb5 31. Rfe1 Qa7 32. gxf4 exf4 33. Nh4 g5 34. Nf3 g4 35. Bxg4 Qg7 36.
Kh1 Qxg4 37. Rxc3 Nxc3 38. Qxc3 Qe6 39. Ne5 Kg8 40. f3 h5 41. a4 Bxa4 42. Ra1 Bc6
43. Ra7 Rf7 44. Ra6 Qh3 45. Ng6 Qf1#  0-1

[Event "Liberec Open 2023 - A FIDE Open"]
[Site "Clarion Grandhotel Zlaty Lev, Liberec"]
[Date "2023.02.25"]
[Round "2"]
[Board "8"]
[White "Topencik, Bruno"]
[Black "Jires, Jiri"]
[Result "0-1"]
[WhiteElo "1821"]
[BlackElo "2106"]
[PlyCount "76"]
[EventDate "2023.02.24"]
[EventRounds "9"]
[EventCountry "CZE"]

1. d4 Nf6 2. c4 g6 3. Nc3 Bg7 4. Nf3 O-O 5. e4 d6 6. Be3 e5 7. Qd2 exd4 8. Nxd4 Re8
9. f3 Nc6 10. Nxc6 bxc6 11. O-O-O Be6 12. g4 Nd7 13. Bd4 Bxd4 14. Qxd4 Qg5+ 15. Kb1
Qc5 16. Qd2 Ne5 17. Na4 Nxf3 18. Qe2 Qb4 19. Qxf3 Qxa4 20. Be2 Bxc4 21. Bxc4 Qxc4
22. Rhe1 Rab8 23. Rd2 c5 24. g5 Re5 25. Rc2 Qe6 26. h4 Re8 27. Rce2 Qc4 28. Re3 Qe6
29. R3e2 Qe7 30. Kc1 d5 31. Rf1 Rxe4 32. Rxe4 dxe4 33. Qe3 Qe6 34. Rf6 Qc4+ 35. Kd2
Rd8+ 36. Ke1 Qc2 37. Qe2 Qc1+ 38. Kf2 Rd2  0-1

[Event "Liberec Open 2023 - A FIDE Open"]
[Site "Clarion Grandhotel Zlaty Lev, Liberec"]
[Date "2023.02.25"]
[Round "2"]
[Board "9"]
[White "Lohia, Sohum"]
[Black "Rozumek, Krzysztof"]
[Result "1-0"]
[WhiteElo "2105"]
[BlackElo "1823"]
[PlyCount "101"]
[EventDate "2023.02.24"]
[EventRounds "9"]
[EventCountry "CZE"]

1. e4 c6 2. d4 d5 3. exd5 cxd5 4. Bd3 Nc6 5. c3 Nf6 6. Bf4 e6 7. Nf3 Bd6 8. Bg3 Qc7
9. O-O O-O 10. Nbd2 Bxg3 11. hxg3 e5 12. Nxe5 Nxe5 13. dxe5 Qxe5 14. Re1 Qd6 15.
Nb3 Bg4 16. Qd2 Rfe8 17. Nd4 a6 18. f3 Bd7 19. g4 g6 20. Qf2 Rxe1+ 21. Rxe1 Re8 22.
Rxe8+ Bxe8 23. Nb3 Qe7 24. Qe2 Qxe2 25. Bxe2 Kf8 26. Kf2 Ke7 27. Ke3 Kd6 28. Kd4
Bd7 29. Nd2 b5 30. Nf1 Ne8 31. Nd2 Nc7 32. b4 f5 33. gxf5 Bxf5 34. Nb3 Bb1 35. a3
Ne6+ 36. Ke3 Ba2 37. Nd4 Nd8 38. f4 Bc4 39. Bg4 Nf7 40. Be6 Nh6 41. g4 Ke7 42. g5
Nf7 43. Bxf7 Kxf7 44. Nc6 Kg7 45. Nb8 h5 46. gxh6+ Kxh6 47. Nxa6 Kh5 48. Nc5 Kg4
49. Nb7 Bf1 50. Nd6 Kg3 51. f5  1-0

[Event "Liberec Open 2023 - A FIDE Open"]
[Site "Clarion Grandhotel Zlaty Lev, Liberec"]
[Date "2023.02.25"]
[Round "2"]
[Board "10"]
[White "Hradsky, Ales"]
[Black "Bindrich, Oswald"]
[Result "1/2-1/2"]
[WhiteElo "1806"]
[BlackElo "2105"]
[PlyCount "50"]
[EventDate "2023.02.24"]
[EventRounds "9"]
[EventCountry "CZE"]

1. c4 Nf6 2. Nc3 g6 3. d4 Bg7 4. e4 d6 5. Nf3 O-O 6. Be2 e5 7. dxe5 dxe5 8. Qxd8
Rxd8 9. O-O c6 10. Bg5 Re8 11. Rad1 Nbd7 12. b4 Nf8 13. Rd2 Ne6 14. Bxf6 Bxf6 15.
Rfd1 Nd4 16. h3 Be6 17. Nxd4 exd4 18. Na4 Rad8 19. Nc5 Bc8 20. Bf3 a5 21. bxa5 Be7
22. Nb3 c5 23. e5 Bf8 24. Re2 Re6 25. Bd5 Ra6  1/2-1/2

[Event "Liberec Open 2023 - A FIDE Open"]
[Site "Clarion Grandhotel Zlaty Lev, Liberec"]
[Date "2023.02.25"]
[Round "2"]
[Board "15"]
[White "Gibala, Adam"]
[Black "Porschberg, Thomas"]
[Result "0-1"]
[WhiteElo "1775"]
[BlackElo "2004"]
[PlyCount "56"]
[EventDate "2023.02.24"]
[EventRounds "9"]
[EventCountry "CZE"]

1. e4 e5 2. Nf3 Nf6 3. Nxe5 d6 4. Nf3 Nxe4 5. Nc3 Nxc3 6. dxc3 Be7 7. Be3 O-O 8.
Qd2 Nd7 9. O-O-O Nf6 10. Bd3 c5 11. c4 b5 12. h4 Be6 13. cxb5 a6 14. bxa6 c4 15.
Be2 Rxa6 16. a3 d5 17. Ng5 Rxa3 18. Qd4 Qa5 19. c3 Rb3 20. Qa7 Qxa7 21. Bxa7 Ra8
22. Bd4 Ra2 23. Nxe6 fxe6 24. Rde1 Rbxb2 25. Bd1 Ba3 26. Bc2 Rxc2+ 27. Kb1 Rcb2+
28. Kc1 Ra1#  0-1

[Event "Liberec Open 2023 - A FIDE Open"]
[Site "Clarion Grandhotel Zlaty Lev, Liberec"]
[Date "2023.02.25"]
[Round "3"]
[Board "1"]
[White "Lajbl, Jan"]
[Black "Smietanska, Wiktoria"]
[Result "1-0"]
[WhiteElo "2255"]
[BlackElo "1951"]
[PlyCount "67"]
[EventDate "2023.02.24"]
[EventRounds "9"]
[EventCountry "CZE"]

1. d4 d5 2. Nf3 Nf6 3. c4 c6 4. Nbd2 e6 5. Qc2 Nbd7 6. g3 Bd6 7. Bg2 O-O 8. O-O Qe7
9. e4 dxe4 10. Nxe4 Nxe4 11. Qxe4 e5 12. Re1 f5 13. Qc2 e4 14. Ng5 Qf6 15. c5 Bb8
16. Qc4+ Kh8 17. f3 h6 18. Nh3 exf3 19. Bxf3 Rd8 20. Bd2 Nf8 21. Bc3 f4 22. d5 Qf7
23. Nxf4 Bxf4 24. Qxf4 Qxf4 25. gxf4 cxd5 26. Ba5 Rd7 27. Re8 Kg8 28. Bg4 Kf7 29.
Bxd7 Nxd7 30. Rae1 Nxc5 31. R1e7+ Kg6 32. Rc7 b6 33. Rcxc8 Rxc8 34. Rxc8  1-0

[Event "Liberec Open 2023 - A FIDE Open"]
[Site "Clarion Grandhotel Zlaty Lev, Liberec"]
[Date "2023.02.25"]
[Round "3"]
[Board "2"]
[White "Diachek, Andriy"]
[Black "Ochedzan, Tymon"]
[Result "0-1"]
[WhiteElo "1950"]
[BlackElo "2240"]
[PlyCount "84"]
[EventDate "2023.02.24"]
[EventRounds "9"]
[EventCountry "CZE"]

1. e4 c6 2. Nc3 d5 3. Nf3 Bg4 4. h3 Bxf3 5. Qxf3 e6 6. g3 Nd7 7. Bg2 g6 8. d4 Bg7
9. Qd3 Ne7 10. O-O O-O 11. Be3 dxe4 12. Nxe4 Nd5 13. c4 Nxe3 14. fxe3 Qc7 15. c5
Rad8 16. Nd6 Nf6 17. e4 e5 18. Qb3 Ne8 19. Qxb7 exd4 20. b4 Be5 21. Qxc7 Nxc7 22.
Rad1 f6 23. Nc4 Nb5 24. Rd3 Nc3 25. Na5 Rc8 26. h4 Nxa2 27. Bh3 Nxb4 28. Rb3 Rb8
29. Rfb1 Na6 30. Nxc6 Rxb3 31. Rxb3 Nxc5 32. Rb5 Nxe4 33. Nxe5 fxe5 34. Rxe5 Nxg3
35. Kg2 Nh5 36. Re7 Nf4+ 37. Kg3 Nxh3 38. Kxh3 Rd8 39. Rxa7 d3 40. Ra1 d2 41. Rd1
Kg7 42. Kg4 Kh6  0-1

[Event "Liberec Open 2023 - A FIDE Open"]
[Site "Clarion Grandhotel Zlaty Lev, Liberec"]
[Date "2023.02.25"]
[Round "3"]
[Board "3"]
[White "Dambrauskas, Virginijus"]
[Black "Schoenbeck, Stephan"]
[Result "1-0"]
[WhiteElo "2220"]
[BlackElo "1949"]
[PlyCount "75"]
[EventDate "2023.02.24"]
[EventRounds "9"]
[EventCountry "CZE"]

1. d4 Nf6 2. c4 g6 3. Nc3 Bg7 4. e4 d6 5. Be2 O-O 6. Be3 e5 7. Nf3 Nc6 8. d5 Ne7
9. Nd2 a6 10. c5 Ne8 11. Nc4 f5 12. f3 Rb8 13. Qb3 h6 14. O-O Kh7 15. Rac1 g5 16.
cxd6 Nxd6 17. Nxd6 Qxd6 18. Nb1 b6 19. Qc2 fxe4 20. fxe4 Rxf1+ 21. Bxf1 Qg6 22. Nd2
Rb7 23. Bxa6 Ra7 24. Bf1 Bd7 25. a3 Nc8 26. Nc4 g4 27. Bf2 Qf6 28. Bg3 Qg5 29. Qd2
Qe7 30. Qc3 Nd6 31. Nxd6 cxd6 32. Qb4 Qg5 33. Re1 h5 34. Qxb6 Ra4 35. Qxd6 Bc8 36.
Qc6 h4 37. Qxa4 hxg3 38. hxg3  1-0

[Event "Liberec Open 2023 - A FIDE Open"]
[Site "Clarion Grandhotel Zlaty Lev, Liberec"]
[Date "2023.02.25"]
[Round "3"]
[Board "4"]
[White "Zemlicka, Vit"]
[Black "Belaska, Premysl"]
[Result "0-1"]
[WhiteElo "1900"]
[BlackElo "2196"]
[PlyCount "62"]
[EventDate "2023.02.24"]
[EventRounds "9"]
[EventCountry "CZE"]

1. e4 e5 2. Nf3 Nc6 3. d4 exd4 4. Nxd4 Nf6 5. Nxc6 bxc6 6. e5 Qe7 7. Qe2 Nd5 8. c4
Ba6 9. Nd2 Nf4 10. Qe3 Ne6 11. Be2 c5 12. Nf3 g6 13. Bd2 Bg7 14. Bc3 O-O 15. O-O-O
Rae8 16. Bd3 f5 17. exf6 Bxf6 18. Bxf6 Qxf6 19. Rhe1 d6 20. Qd2 Nf4 21. Rxe8 Rxe8
22. Ne1 Nxd3+ 23. Nxd3 Bxc4 24. Qc2 Bxd3 25. Rxd3 Re1+ 26. Rd1 Qg5+ 27. Kb1 Rxd1+
28. Qxd1 Qf5+ 29. Ka1 Qxf2 30. Qd5+ Kg7 31. a3 Qf1+  0-1

[Event "Liberec Open 2023 - A FIDE Open"]
[Site "Clarion Grandhotel Zlaty Lev, Liberec"]
[Date "2023.02.25"]
[Round "3"]
[Board "5"]
[White "Zysko, Jan"]
[Black "Jeute, Peter"]
[Result "1/2-1/2"]
[WhiteElo "2135"]
[BlackElo "1908"]
[PlyCount "42"]
[EventDate "2023.02.24"]
[EventRounds "9"]
[EventCountry "CZE"]

1. e4 d5 2. exd5 Qxd5 3. Nc3 Qa5 4. d4 Nf6 5. Nf3 Bf5 6. Bc4 e6 7. Bd2 Bb4 8. Qe2
c6 9. O-O-O Nbd7 10. Ne5 Nxe5 11. dxe5 Nd5 12. Ne4 Bxe4 13. Qxe4 Bxd2+ 14. Rxd2 O-O-O
15. Rhd1 Qc7 16. f4 g6 17. g4 Qb6 18. f5 gxf5 19. gxf5 Ne3 20. Rxd8+ Rxd8 21. Rxd8+
Kxd8  1/2-1/2